Cities of France - Satellite - Statistics

General Stats
  • This quiz has been taken 13 times
  • The average score is 12 of 26
Answer Stats
Picture Answer % Correct
Nice
92%
Marseille
83%
Paris
83%
Toulouse
83%
Lyon
75%
Bordeaux
67%
Strasbourg
67%
Le Havre
58%
Bayonne
50%
Nantes
50%
Tours
50%
Cherbourg
42%
Grenoble
42%
Saint-Pierre
42%
Cayenne
33%
Rouen
33%
Saint-Denis
33%
Ajaccio
25%
Brest
25%
Dunkirk
25%
Fort-de-France
25%
Papeete
25%
Saint-Nazaire
25%
Noumea
17%
Mamoudzou
8%
Marigot
0%
No matching quizzes found
Score Distribution
Percent of People with Each Score
Percentile by Number Answered
Your Score History
You have not taken this quiz